000 00343nam a2200145Ia 4500
008 191201s2007 xx 000 0 und d
082 _a005.133
_bHOC
100 _aHORSTMANN, C
245 0 _aCore Java Fundamentals
250 _a2nd
260 _aN.Delhi
_bPearson Education
_c2007
300 _a784
650 _aB.Tech(IT)
942 _2ddc
_cBK
999 _c2835
_d2835